Megacittà su una mappa del mondo - Statistics

Statistiche generali
  • Questo quiz è stato fatto 41 volte
  • Il punteggio medio è 27 su 49
Risposte nella Mappa
Le risposte nella mappa del quiz sottostante sono codificate secondo una scala di colori dal rosso al verde in base alla % di persone che hanno risposto correttamente.
 
Statistiche sulle risposte
Popolazione Paese Agglomerato % Corretto
11.6 m Francia Parigi
100%
15.4 m Regno Unito Londra
97%
41.3 m Giappone Tokyo
97%
19.1 m Russia Mosca
94%
22.6 m Stati Uniti New York
94%
21.8 m Cina Pechino
94%
42.3 m Cina Shanghai
94%
25.6 m Messico Città del Messico
91%
17.4 m Stati Uniti Los Angeles
91%
17.0 m Argentina Buenos Aires
89%
23.2 m Egitto Il Cairo
89%
12.2 m Peru Lima
89%
13.6 m Brasile Rio de Janeiro
89%
22.7 m Brasile San Paolo
89%
10.8 m Colombia Bogotá
86%
25.4 m Corea del sud Seul
86%
29.8 m Indonesia Giacarta
83%
16.2 m Turchia Istanbul
83%
27.1 m Filippine Manila
83%
22.4 m Thailandia Bangkok
80%
17.2 m Iran Teheran
80%
18.1 m India Kolkata
69%
36.9 m India Delhi
66%
17.7 m Giappone Osaka
66%
23.7 m Bangladesh Dacca
63%
15.1 m Sudafrica Johannesburg
63%
28.1 m India Mumbai
63%
16.9 m RD Congo Kinshasa
51%
21.9 m Nigeria Lagos
49%
10.2 m Taiwan Taipei
43%
10.4 m Angola Luanda
40%
12.9 m Cina Wuhan
37%
21.8 m Pakistan Karachi
34%
15.0 m Pakistan Lahore
31%
15.3 m India Bangalore
29%
13.3 m India Chennai
23%
73.6 m Cina Guangzhou / Shenzhen
23%
18.3 m Cina Chengdu
20%
12.1 m India Hyderabad
17%
13.7 m Cina Xi'an
14%
14.7 m Vietnam Ho Chi Minh City
11%
10.2 m India Ahmedabad
9%
13.2 m Cina Chongqing
9%
15.8 m Cina Xiamen
6%
10.5 m Giappone Nagoya
3%
11.8 m Cina Tianjin
3%
10.5 m Cina Zhengzhou
3%
11.6 m Cina Changsha
0%
14.7 m Cina Hangzhou
0%
Nessun quiz corrispondente trovato
Distribuzione punteggi
Percentuale di utenti per punteggio
Percentile per numero di risposta
I tuoi punteggi nel tempo
Non hai fatto questo quiz